Anthologie de la chanson populaire française, anglaise et russe / (Record no. 24136)

MARC details
000 -LEADER
campo de control de longitud fija 00658nam a2200193 i 4500
001 - NÚMERO DE CONTROL
campo de control 24136
003 - IDENTIFICADOR DE NÚMERO DE CONTROL
campo de control ES-MaACL
005 - FECHA Y HORA DE LA ÚLTIMA TRANSACCIÓN
campo de control 20250823004921.0
007 - CAMPO FIJO DE DESCRIPCIÓN FÍSICA--INFORMACIÓN GENERAL
campo de control de longitud fija t|
008 - DATOS DE LONGITUD FIJA--INFORMACIÓN GENERAL
campo de control de longitud fija 021216s1917 fr ||||1| fre d
245 00 - MENCIÓN DEL TÍTULO
Título Anthologie de la chanson populaire française, anglaise et russe /
Mención de responsabilidad, etc. avec une introduction, paroles et melodies transcrites par Maurice Bouchor ; harmonisations par Jules de Brayer.
260 ## - PUBLICACIÓN, DISTRIBUCIÓN, ETC.
Lugar de publicación, distribución, etc. París :
Nombre del editor, distribuidor, etc. Delagrave,
Fecha de publicación, distribución, etc. 1917.
300 ## - DESCRIPCIÓN FÍSICA
Extensión 203 p. :
Otras características físicas il. ;
Dimensiones 31 cm.
650 #7 - PUNTO DE ACCESO ADICIONAL DE MATERIA--TÉRMINO DE MATERIA
Término de materia o nombre geográfico como elemento de entrada Música
Fuente del encabezamiento o término embne
9 (RLIN) 15376
700 1# - ENTRADA AGREGADA--NOMBRE PERSONAL
Nombre de persona Brayer, Jules.
9 (RLIN) 31527
700 1# - ENTRADA AGREGADA--NOMBRE PERSONAL
Nombre de persona Bouchor, Maurice.
9 (RLIN) 148456
852 ## - LOCALIZACIÓN
Ubicación ES-MaACL
Número de control de estantería G-5587
Holdings
Estatus retirado Estado de pérdida Estado de daño No para préstamo Biblioteca de origen Biblioteca actual Ubicación en estantería Fecha de adquisición Fuente de adquisición Total de préstamos Signatura topográfica completa Código de barras Visto por última vez Precio de reemplazo Tipo de ítem Koha
        Biblioteca del Ateneo de Madrid Biblioteca del Ateneo de Madrid Depósito 2 17/01/2008     G-5587 1024879 23/02/2023 23/02/2023 Libro impreso